| 000 | 00625nam a2200193Ia 4500 | ||
|---|---|---|---|
| 008 | 151119s9999||||xx |||||||||||||| ||und|| | ||
| 082 | _a891.463खांडेक/जळले | ||
| 082 | _bGKKV12299 | ||
| 100 | _aखांडेकर वि स | ||
| 245 | _aजळलेला मोहर | ||
| 260 | _aपुणे | ||
| 260 | _bमेहता पब्लीशिग हाउस | ||
| 260 | _c1997 | ||
| 600 | _aखांडेकर वि स | ||
| 630 | _aजळलेला मोहर | ||
| 700 | _aखांडेकर वि स | ||
| 730 | _aजळलेला मोहर | ||
| 942 | _cBOOK | ||
| 999 |
_c1066164 _d1066161 |
||